Normal view
MARC view
- Manoram,m
Entry Personal Name
001 - CONTROL NUMBER
- control field: 60663
003 - CONTROL NUMBER IDENTIFIER
- control field: OSt
005 - DATE AND TIME OF LATEST TRANSACTION
- control field: 20220806110230.0
008 - FIXED-LENGTH DATA ELEMENTS
- fixed length control field: 220806|| aca||aabn | a|a d
040 ## - CATALOGING SOURCE
- Original cataloging agency: OSt
- Transcribing agency: OSt
100 ## - HEADING--PERSONAL NAME
- Personal name: Manoram,m
670 ## - SOURCE DATA FOUND
- Source citation: Work cat.: (OSt)34645: Manoram,m., Encyclopedia Of Cast,class,kinship Vl.2, 2011